Statistiques concernant Personnalités politiques françaises n°10

Cliquez ici pour prendre le quiz!

Statistiques générales

  • Ce quiz a été pris 623 fois
  • Le résultat moyen est 7 sur 20

Statistiques - réponses

Réponse% Correct
Éric Zemmour
98%
Sandrine Rousseau
83%
Patrick Balkany
75%
Mathilde Panot
62%
Stanislas Guerini
45%
Sébastien Chenu
37%
Ian Brossat
32%
Alexis Kohler
29%
Julien Denormandie
26%
Guillaume Peltier
25%
Boris Vallaud
24%
Jean-Christophe Lagarde
21%
Philippe Juvin
20%
David Lisnard
16%
Élisabeth Moreno
16%
Pierre Larrouturou
11%
Claude Allègre
10%
Pierre Joxe
10%
Vincent Peillon
9%
Bernard Accoyer
7%

Distribution des résultats

Percentile par nombre de réponses

% des personnes avec chaque résultat

Votre développement - résultats

Vous n’avez pas pris ce quiz